| 000 | 01277pam a2200397 a 4500 | ||
|---|---|---|---|
| 001 | 3051700 | ||
| 003 | OSt | ||
| 005 | 20140310184449.0 | ||
| 008 | 960318s1996 nyuab b b 001 0 eng | ||
| 010 | _a 96013477 | ||
| 020 | _a9780516238463 | ||
| 040 |
_aDLC _cDLC _dDLC |
||
| 042 | _alcac | ||
| 043 | _an------ | ||
| 050 | 0 | 0 |
_aE 98.G2 _b.M55 1996 |
| 100 | 1 |
_aMiller, Jay, _d1947- _927913 |
|
| 245 | 1 | 0 |
_aAmerican Indian games / _cby Jay Miller. |
| 260 |
_aNew York, NY : _bScholastic Inc., _c1996. |
||
| 300 |
_a47 p. : _bcol. ill. ; _c21 cm. |
||
| 440 | 2 |
_aA true book _924300 |
|
| 521 | _aG5 | ||
| 526 | _c770 | ||
| 650 | 0 |
_aIndians of North America _xGames _xJuvenile literature. _927914 |
|
| 650 | 0 |
_aIndians of North America _xSports _xJuvenile literature. _927915 |
|
| 650 | 1 |
_aIndians of North America _xGames. _927916 |
|
| 650 | 1 |
_aIndians of North America _xSocial life and customs. _927917 |
|
| 906 |
_a7 _bcbc _corignew _d1 _eocip _f19 _gy-gencatlg |
||
| 942 |
_2lcc _cBK-SCHOLAS |
||
| 999 |
_c34560 _d34560 |
||